Statistiques concernant Mers d'Europe

Cliquez ici pour prendre le quiz!

Statistiques générales

  • Ce quiz a été pris 113 fois
    (111 depuis la dernière actualisation)
  • Le résultat moyen est 12 sur 23

Statistiques - réponses

Pays frontaliers Type Réponse % Correct
Royaume-Uni - France - Belgique - Allemagne - Pays-Bas - Danemark - NorvègeMerMer du Nord
99%
Espagne - France - Monaco - Italie - Slovénie - Croatie - Bosnie-Herzégovine - Monténégro - Albanie - Grèce - Turquie - Malte - Chypre - Syrie - Liban - Israël - Egypte - Libye - Tunisie - Algérie - MarocMerMer Méditerranée
96%
Turquie - Bulgarie - Roumanie - Moldavie - Ukraine - Russie - GéorgieMerMer Noire
94%
Danemark - Suède - Finlande - Pologne - Estonie - Lettonie - LituanieMerMer Baltique
91%
Italie - Croatie - Albanie - Montenegro - Bosnie-Herzégovine - SlovénieMerMer Adriatique
84%
Grèce - TurquieMerMer Egée
84%
Belgique - France - Royaume-UniMerLa Manche
84%
Russie - Azerbaïdjan - Kazakhstan - Turkménistan - IranMerMer Caspienne
81%
Royaume-Uni - IrlandeMerMer d'Irlande
57%
Grèce - Albanie - ItalieMerMer Ionienne
52%
Kazakhstan - OuzbekistanMerMer d'Aral
51%
RussieMerMer Blanche
46%
Ukraine - RussieMerMer d'Azov
41%
TurquieMerMer de Marmara
41%
Norvège - RussieMerMer de Barents
38%
Italie - France (Corse)MerMer Tyrrhénienne
34%
Italie - FranceMerMer Ligure
26%
Irlande - Royaume-Uni - FranceMerMer Celtique
20%
GrèceMerMer de Crète
20%
Espagne - Algérie - MarocMerMer d'Alboran
20%
RussieMerMer de Kara
17%
EspagneMerMer Ibérique
15%
Grèce - TurquieMerMer de Thrace
6%

Distribution des résultats

Percentile par nombre de réponses

% des personnes avec chaque résultat

Votre développement - résultats

Vous n’avez pas pris ce quiz depuis la dernière actualisation